00654nam a2200157 a 450000100100000000500170001000800410002704000250006808200160009310000440010924501070015326000630026030000420032395201140036599900170047900003692520200930080026.0120206s1988 pr ac 000 0 spa d aDO-SdBNPbspacBNPHU axxxxbF866m1 aFreire Díaz, Joaquín,d1913-96332510aMinorías ¿De que? :bHistoria de la inmigración en los Estados Unidos /cJoaquín Freire Díaz. aSan Juan, Puerto Rico :bCultural Puertorriqueña,c1988. a456 p. :bil., mapa, retrs. ;c23 cm. 001050718MOaGRbGRcCTd2012-02-06iLF1l0oxxxx F866mp36925-10r2020-06-25w2020-06-25y1ZNo se presta c36415d36415